Every Super Smash Bros. Ultimate Spirit (WIP) - Statistics

General Stats
  • This quiz has been taken 4 times
  • The average score is 10 of 15
Answer Stats
# Type Series Answer % Correct
7 Fighter Super Mario Series Bowser
100%
8 Fighter Dr. Mario Series Dr. Mario
100%
4 Fighter Super Mario Series Luigi
100%
1 Fighter Super Mario Series Mario
100%
5 Fighter Super Mario Series Peach
100%
10 Fighter Super Mario Series Bowser Jr.
75%
2 Fighter Super Mario Maker Series Builder Mario
75%
6 Fighter Super Mario Series Daisy
75%
9 Fighter Super Mario Series Rosalina
75%
11 Fighter Super Mario Series Iggy
50%
15 Fighter Super Mario Series Larry
50%
13 Fighter Super Mario Series Lemmy
50%
12 Fighter Super Mario Series Wendy
50%
3 Fighter Super Mario Series Mario (Wedding)
0%
14 Fighter Super Mario Series Roy (Super Mario Bros.)
0%
No matching quizzes found
Score Distribution
Percent of People with Each Score
Percentile by Number Answered
Your Score History
You have not taken this quiz